Underground Stations that no-longer Exist! P2(post-1900) - Statistics

General Stats
  • This quiz has been taken 16 times
  • The average score is 16 of 70
Answer Stats
Answer Present Name/gone % Correct
Aldwych gone
79%
Dagenham Dagenham East
50%
Highbury Highbury & Islington
50%
Wood Lane White City
50%
Gillespie Road Arsenal
43%
Highgate Archway
43%
Strand gone
43%
Strand Charing Cross
43%
Trafalgar Square Charing Cross
43%
Blake Hall gone
36%
Brent Brent Cross
36%
Canons Park (Edgware) Edgware
36%
Croxley Green Croxley
36%
Heathrow Central Heathrow T123
36%
Ongar gone
36%
Surrey Docks Surrey Quays
36%
Bayswater (Queensway) Bayswater
29%
Down Street (Mayfair) gone
29%
Hoe Street Walthamstow Walthamstow Central
29%
Tottenham Court Road Goodge Street
29%
York Road gone
29%
Aldersgate & Barbican Barbican
21%
Bromley Bromley-by-Bow
21%
Bushey & Oxhey Bushey
21%
Enfield West Oakwood
21%
Enfield West (Oakwood) Oakwood
21%
Euston Road Warren Street
21%
Farringdon & High Holborn Farringdon
21%
Great Central Marylebone
21%
Great Portland Street & Regent's Park Great Portland Street
21%
Hillingdon (Swakeleys) Hillingdon
21%
Hounslow Town Hounslow East
21%
Lord's St. John's Wood
21%
Moor Park & Sandy Lodge Moor Park
21%
North Weald gone
21%
Northwick Park & Kenton Northwick Park
21%
Park Royal & Twyford Abbey Park Royal
21%
Pinner & Hatch End Hatch End
21%
Sandy Lodge Moor Park
21%
Wembley for Sudbury Wembley Central
21%
Willesden Green & Cricklewood Cricklewood
21%
Amersham & Chesham Bois Amersham
14%
Burnt Oak (Watling) Burnt Oak
14%
Chancery Lane (Gray's Inn) Chancery Lane
14%
City Road gone
14%
Dover Street Green Park
14%
Heathway Dagenham Heathway
14%
Holborn (Kingsway) Holborn
14%
Kennington Road Lambeth North
14%
Oxford Street Tottenham Court Road
14%
South Kentish Town gone
14%
South Wimbledon (Merton) South Wimbledon
14%
West Ham (Manor Road) West Ham
14%
Westminster Bridge Road Lambeth North
14%
Arsenal (Highbury Hill) Arsenal
7%
Bayswater (Queen's Road) & Westbourne Grove Bayswater
7%
Chigwell Lane Debden
7%
Chorley Wood & Chenies Chorleywood
7%
Eastcote Halt Eastcote
7%
Essex Road gone (NR)
7%
Ladbroke Grove (North Kensington) Ladbroke Grove
7%
Park Royal (Hanger Hill) Park Royal
7%
Perivale-Alperton Alperton
7%
Putney Bridge & Hurlingham Putney Bridge
7%
Ruislip & Ickenham West Ruislip
7%
South Ruislip & Northolt Junction South Ruislip
7%
South Woodford (George Lane) South Woodford
7%
Trinity Road (Tooting Bec) Tooting Bec
7%
Aylesbury Town gone
0%
Dollis Hill & Gladstone Park Dollis Hill
0%
No matching quizzes found
Score Distribution
Percent of People with Each Score
Percentile by Number Answered
Your Score History
You have not taken this quiz